Which country is bigger? - Statistics

General Stats
  • This quiz has been taken 9,012 times
  • The average score is 6 of 12
Answer Stats
Question Answer % Correct
Which country is bigger? Chad
76%
Which country is bigger? Switzerland
68%
Which country is bigger? Rwanda
60%
Which country is bigger? Eswatini
59%
Which country is bigger? Ethiopia
59%
Which country is bigger? Burkina Faso
56%
Which country is bigger? Turkmenistan
48%
Which country is bigger? Central African Republic
47%
Which country is bigger? Nepal
46%
Which country is bigger? Paraguay
40%
Which country is bigger? Lesotho
32%
Which country is bigger? Laos
29%
No matching quizzes found
Score Distribution
Percent of People with Each Score
Percentile by Number Answered
Your Score History
You have not taken this quiz